Anton Sekhov Tập 3

সংরক্ষণ করুন:
গ্রন্থ-পঞ্জীর বিবরন
প্রধান লেখক: Vương, Trí Nhân (giới thiêu và tuyển chọn)
বিন্যাস: গ্রন্থ
প্রকাশিত: Hà Nội Văn học- trung tâm văn hóa ngôn ngữ đông tây 1999
বিষয়গুলি:
Nga
ট্যাগগুলো: ট্যাগ যুক্ত করুন
কোনো ট্যাগ নেই, প্রথমজন হিসাবে ট্যাগ করুন!
Thư viện lưu trữ: Trung tâm Học liệu Lê Vũ Hùng, Trường Đại học Đồng Tháp
LEADER 00873pam a22003138a 4500
001 00035194
005 20171026081025.0
008 161124s1999 ||||||Viesd
041 0 # |a Vie 
082 1 4 |a 891.73  |b A635S 
100 1 # |e giới thiêu và tuyển chọn  |a Vương, Trí Nhân 
245 0 0 |a Anton Sekhov  |c Vương Trí Nhân  |n Tập 3 
260 # # |a Hà Nội  |b Văn học- trung tâm văn hóa ngôn ngữ đông tây  |c 1999 
300 # # |a 404 tr.  |c 21 cm. 
653 # # |a Nga 
653 # # |a Truyện ngắn 
653 # # |a Văn học cận đại 
852 # # |b Kho đọc  |j KD.0017483 
852 # # |j KD.0017483 
910 0 # |d 24/11/2016 
980 # # |a Trung tâm Học liệu Lê Vũ Hùng, Trường Đại học Đồng Tháp